Books Missing 'E' Words Quiz Stats

 Plays Quiz Updated Oct 11, 2018

Score 0/18 Timer 03:00
12 Plays Today
Hint Answer % Correct
Eggs
96.9%
Earth
96.1%
Expectations
92%
Eden
91.1%
Edge
90.9%
Earring
88.5%
Eyes
88.5%
English
85.7%
Ego
84.8%
Hint Answer % Correct
Earnest
84.6%
Eternity
83%
Elephants
78.9%
Errors
77.3%
Everything
69%
Ender's
67.7%
Ethan
59.9%
Easter
51.6%
Evil
36.6%

You're not logged in!

Compare scores with friends on all Sporcle quizzes.
OR
Log In

Show Comments

Extras

Top Quizzes Today


Score Distribution

Your Account Isn't Verified!

In order to create a playlist on Sporcle, you need to verify the email address you used during registration. Go to your Sporcle Settings to finish the process.

Report this User

Report this user for behavior that violates our Community Guidelines.

Details: